<?xml version="1.0" encoding="UTF-8"?>
<record
    xmlns:xsi="http://www.w3.org/2001/XMLSchema-instance"
    xsi:schemaLocation="http://www.loc.gov/MARC21/slim http://www.loc.gov/standards/marcxml/schema/MARC21slim.xsd"
    xmlns="http://www.loc.gov/MARC21/slim">

  <leader>00792nam a22001337a 4500</leader>
  <datafield tag="040" ind1=" " ind2=" ">
    <subfield code="c">RUA</subfield>
  </datafield>
  <datafield tag="082" ind1=" " ind2=" ">
    <subfield code="a">AGR RIT 2017 B630 Or.1</subfield>
  </datafield>
  <datafield tag="100" ind1=" " ind2=" ">
    <subfield code="a">RITHIYA SEYHA &#x179A;&#x17B7;&#x1791;&#x17D2;&#x1792;&#x17B7;&#x1799;&#x17C9;&#x17B6; &#x179F;&#x17B8;&#x17A0;&#x17B6;</subfield>
  </datafield>
  <datafield tag="245" ind1=" " ind2=" ">
    <subfield code="a">comparing of the time using molasses combine with leaves of lead tree on growth and yield of chinese kale &#x1780;&#x17B6;&#x179A;&#x1794;&#x17D2;&#x179A;&#x17C0;&#x1794;&#x1792;&#x17C0;&#x1794;&#x1796;&#x17C1;&#x179B;&#x179C;&#x17C1;&#x179B;&#x17B6;&#x1794;&#x17D2;&#x179A;&#x17BE;&#x1794;&#x17D2;&#x179A;&#x17B6;&#x179F;&#x17CB;&#x179F;&#x17D2;&#x1780;&#x179A;&#x179A;&#x1784;&#x17BC;&#x1795;&#x17D2;&#x179F;&#x17C6;&#x1787;&#x17B6;&#x1798;&#x17BD;&#x1799;&#x1793;&#x17B7;&#x1784;&#x179F;&#x17D2;&#x179B;&#x17B9;&#x1780;&#x1780;&#x1793;&#x17D2;&#x1792;&#x17C6;&#x1790;&#x17C1;&#x178F; &#x1793;&#x17C5;&#x179B;&#x17BE;&#x1780;&#x17B6;&#x179A;&#x179B;&#x17BC;&#x178F;&#x179B;&#x17B6;&#x179F;&#x17CB; &#x1793;&#x17B7;&#x1784;&#x178F;&#x17B7;&#x1793;&#x17D2;&#x1793;&#x1795;&#x179B;&#x179A;&#x1794;&#x179F;&#x17CB;&#x1781;&#x17B6;&#x178F;&#x17CB;&#x178E;&#x17B6;&#x178A;&#x17BE;&#x1798;</subfield>
  </datafield>
  <datafield tag="260" ind1=" " ind2=" ">
    <subfield code="a">Phnom Penh</subfield>
    <subfield code="b">RUA</subfield>
    <subfield code="c">2017</subfield>
  </datafield>
  <datafield tag="300" ind1=" " ind2=" ">
    <subfield code="a">x;31p</subfield>
    <subfield code="b">ill;</subfield>
    <subfield code="c">29cm</subfield>
  </datafield>
  <datafield tag="856" ind1=" " ind2=" ">
    <subfield code="u">https://drive.google.com/file/d/1Sy2-9l7iecpEr-kjVJkqtnrChPoB1ZEF/view?usp=sharing</subfield>
  </datafield>
  <datafield tag="942" ind1=" " ind2=" ">
    <subfield code="c">AGR</subfield>
  </datafield>
  <datafield tag="999" ind1=" " ind2=" ">
    <subfield code="c">17848</subfield>
    <subfield code="d">17848</subfield>
  </datafield>
  <datafield tag="952" ind1=" " ind2=" ">
    <subfield code="0">0</subfield>
    <subfield code="1">0</subfield>
    <subfield code="2">ddc</subfield>
    <subfield code="4">0</subfield>
    <subfield code="6">AGR_RIT_2017_000000000000000_B630_OR_1</subfield>
    <subfield code="7">0</subfield>
    <subfield code="9">78449</subfield>
    <subfield code="a">LBB</subfield>
    <subfield code="b">LBB</subfield>
    <subfield code="c">B630</subfield>
    <subfield code="d">2019-03-12</subfield>
    <subfield code="o">AGR RIT 2017 B630 Or.1</subfield>
    <subfield code="p">A44278</subfield>
    <subfield code="r">2019-03-12</subfield>
    <subfield code="w">2019-03-12</subfield>
    <subfield code="y">AGR</subfield>
  </datafield>
  <datafield tag="952" ind1=" " ind2=" ">
    <subfield code="0">0</subfield>
    <subfield code="1">0</subfield>
    <subfield code="2">ddc</subfield>
    <subfield code="4">0</subfield>
    <subfield code="6">AGR_RIT_2017_000000000000000_B630_OR_2</subfield>
    <subfield code="7">0</subfield>
    <subfield code="9">78450</subfield>
    <subfield code="a">LBB</subfield>
    <subfield code="b">LBB</subfield>
    <subfield code="c">B630</subfield>
    <subfield code="d">2019-03-12</subfield>
    <subfield code="o">AGR RIT 2017 B630 Or.2</subfield>
    <subfield code="p">A44382</subfield>
    <subfield code="r">2019-03-12</subfield>
    <subfield code="w">2019-03-12</subfield>
    <subfield code="y">AGR</subfield>
  </datafield>
  <datafield tag="952" ind1=" " ind2=" ">
    <subfield code="0">0</subfield>
    <subfield code="1">0</subfield>
    <subfield code="2">ddc</subfield>
    <subfield code="4">0</subfield>
    <subfield code="6">AGR_RIT_2017_000000000000000_B630_OR_3</subfield>
    <subfield code="7">0</subfield>
    <subfield code="9">78451</subfield>
    <subfield code="a">LBB</subfield>
    <subfield code="b">LBB</subfield>
    <subfield code="c">B630</subfield>
    <subfield code="d">2019-03-12</subfield>
    <subfield code="o">AGR RIT 2017 B630 Or.3</subfield>
    <subfield code="p">A44128</subfield>
    <subfield code="r">2019-03-12</subfield>
    <subfield code="w">2019-03-12</subfield>
    <subfield code="y">AGR</subfield>
  </datafield>
  <datafield tag="952" ind1=" " ind2=" ">
    <subfield code="0">0</subfield>
    <subfield code="1">0</subfield>
    <subfield code="2">ddc</subfield>
    <subfield code="4">0</subfield>
    <subfield code="6">AGR_RIT_2017_000000000000000_B630_OR_4</subfield>
    <subfield code="7">0</subfield>
    <subfield code="9">78452</subfield>
    <subfield code="a">LBB</subfield>
    <subfield code="b">LBB</subfield>
    <subfield code="c">B630</subfield>
    <subfield code="d">2019-03-12</subfield>
    <subfield code="o">AGR RIT 2017 B630 Or.4</subfield>
    <subfield code="p">A44313</subfield>
    <subfield code="r">2019-03-12</subfield>
    <subfield code="w">2019-03-12</subfield>
    <subfield code="y">AGR</subfield>
  </datafield>
  <datafield tag="952" ind1=" " ind2=" ">
    <subfield code="0">0</subfield>
    <subfield code="1">0</subfield>
    <subfield code="2">ddc</subfield>
    <subfield code="4">0</subfield>
    <subfield code="6">AGR_RIT_2017_000000000000000_B630_OR_5</subfield>
    <subfield code="7">0</subfield>
    <subfield code="9">78453</subfield>
    <subfield code="a">LBB</subfield>
    <subfield code="b">LBB</subfield>
    <subfield code="c">B630</subfield>
    <subfield code="d">2019-03-12</subfield>
    <subfield code="o">AGR RIT 2017 B630 Or.5</subfield>
    <subfield code="p">A44312</subfield>
    <subfield code="r">2019-03-12</subfield>
    <subfield code="w">2019-03-12</subfield>
    <subfield code="y">AGR</subfield>
  </datafield>
  <datafield tag="952" ind1=" " ind2=" ">
    <subfield code="0">0</subfield>
    <subfield code="1">0</subfield>
    <subfield code="2">ddc</subfield>
    <subfield code="4">0</subfield>
    <subfield code="6">AGR_RIT_2017_000000000000000_B630_OR_6</subfield>
    <subfield code="7">0</subfield>
    <subfield code="9">78454</subfield>
    <subfield code="a">LBB</subfield>
    <subfield code="b">LBB</subfield>
    <subfield code="c">B630</subfield>
    <subfield code="d">2019-03-12</subfield>
    <subfield code="o">AGR RIT 2017 B630 Or.6</subfield>
    <subfield code="p">A44628</subfield>
    <subfield code="r">2019-03-12</subfield>
    <subfield code="w">2019-03-12</subfield>
    <subfield code="y">AGR</subfield>
  </datafield>
</record>
